000 00264nam a22001217a 4500
008 180226b xxu||||| |||| 00| 0 eng d
041 _aeng
080 _a618
100 _a48
101 _aSOC
245 _aSOARING ABOVDE SETBACKS
_cJANET.H.B
942 _2udc
_cBK
999 _c43468
_d43468